000 02481nam a22004572 4500
001 0000025392
005 20151217160745.0
008 150831s xx 000 0 eng d
020 _a0199654574 :
040 _aKABU
_cKABU
245 1 0 _aInternational Human Rights Law /
_cedited by Daniel Moeckli, Sangeeta Shah, Sandesh Sivakumaran & David Harris.
250 _a2nd ed.
260 _aUK :
_bO.U.P.,
_c2014.
300 _axxii,630 p.
650 0 _aHuman rights.
_@0000150298
700 1 _aDaniel Moeckli.
_@0000186051
700 1 _aSangeeta Shah.
_@0000186052
700 1 _aSandesh Sivakumar.
_@0000186053
852 1 _9P8500KES
852 1 _9P8500KES
852 1 _9P8500KES
852 1 _9P8500KES
852 1 _9P8500KES
852 1 _9P8500KES
852 1 _9P8500KES
852 1 _9P8500KES
852 1 _9P8500KES
852 1 _9P8500KES
852 1 _9P8500KES
852 1 _9P8500KES
852 1 _9P8500KES
852 1 _9P8500KES
852 1 _9P8500KES
852 1 _9P8500KES
852 1 _9P8500KES
852 1 _9P8500KES
852 1 _9P8500KES
852 1 _9P8500KES
908 _a150831
950 _@1
999 _c14776
_d14776